000
00497nam a2200169Ia 4500
008
090711s9999 xx 000 0 und d
082
_b
52274
100
_a
गोडबोले अशोक
245
_a
कोर्टमार्शल
260
_c
1985
300
_a
136
600
_a
गोडबोले अशोक
630
_a
कोर्टमार्शल
700
_a
गोडबोले अशोक
730
_a
कोर्टमार्शल
942
_c
BOOK
999
_c
301854
_d
301854